Personnalités de Provence - Statistiques

Statistiques générales
  • Ce quiz a été pris 50 fois
  • Le résultat moyen est 6 sur 24
Statistiques - réponses
Par images Réponse % Correct
Marcel Pagnol
91%
Fernandel
84%
Paul Cézanne
57%
Raimu
55%
Alain Bernard
48%
Frédéric Mistral
48%
Dick Rivers
43%
Mireille Darc
43%
Jean Giono
34%
Arnaud Clément
18%
Fernand Sardou
14%
Fernand Charpin
11%
Jean Bouin
9%
Marguerite de Provence
7%
René Vietto
7%
Alibert
5%
Laurent Foirest
5%
Henri Bosco
2%
Joseph d'Arbaud
2%
Marie Mauron
2%
Maurice Challe
2%
Nicolas dit le Chevalier Roze
2%
Sainte Éléonore de Provence
2%
Mgr Eugène de Mazenod
0%
Aucun quiz correspondant
Distribution des résultats
% des personnes avec chaque résultat
Percentile par nombre de réponses
Votre historique - résultats
Vous n’avez pas pris ce quiz